000 00698nam a22002417a 4500
003 UA-OsUOA
001 76300
007 ta
008 20110623b un ||||| |||| 00| 0 ukr d
100 _aАнтонец Е.В.
090 _a930.27
_bА72
942 _cBK
040 _aUA-OsUOA
_brus
_cUA-OsUOA
_dUA-OsUOA
245 _aВведение в римскую палеографию
300 _a400 с.
955 _a2
041 _arus
080 _a930.27
020 _a978-5-91244-018-2
260 _aМ.
_bРусский Фонд Содействия Образованию и Науке
_c2009
650 7 _a930.27 Епіграфіка. Палеографія
_2UDC
999 _c362602
_d362602